BIBLIOTECA PODER JUDICIAL
Portal Judicial TDF

La insignificancia de la acción penal frente a las tensiones entre la protección de las marcas y la venta ambulante de indumentaria apócrifa en América Latina / (Registro nro. 5594)

000 -LEADER
fixed length control field 01629nab a22002657a 4500
003 - CONTROL NUMBER IDENTIFIER
control field OSt
005 - DATE AND TIME OF LATEST TRANSACTION
control field 20251219174835.0
008 - FIXED-LENGTH DATA ELEMENTS--GENERAL INFORMATION
fixed length control field 190429b xxu||||| |||| 00| 0 spa d
040 ## - CATALOGING SOURCE
Transcribing agency PJ
110 ## - MAIN ENTRY--CORPORATE NAME
9 (RLIN) 6573
Corporate name or jurisdiction name as entry element Equipo técnico de la Red Intercambio Técnico de la Economía Popular
245 10 - TITLE STATEMENT
Title La insignificancia de la acción penal frente a las tensiones entre la protección de las marcas y la venta ambulante de indumentaria apócrifa en América Latina /
Statement of responsibility, etc Equipo técnico de la Red Intercambio Técnico de la Economía Popular.
260 ## - PUBLICATION, DISTRIBUTION, ETC. (IMPRINT)
Date of publication, distribution, etc Ciudad Autónoma de Buenos Aires :
Place of publication, distribution, etc Thomson Reuters La Ley,
Name of publisher, distributor, etc 2025.
300 ## - PHYSICAL DESCRIPTION
Extent p. 17-25
500 ## - GENERAL NOTE
General note Cita: TR LALEY AR/DOC/2842/2025.
505 ## - FORMATTED CONTENTS NOTE
Formatted contents note Sumario: I. Resumen.— II. Introducción.— III. Argumentos jurídicos dominantes.— IV. En defensa de la racionalidad, proporcionalidad e insignificancia.— V. Análisis del comportamiento social ante la sensación de pertenencia y exclusión que generan las marcas.— VI. Aproximaciones sobre el estado de situación de la región.— VII. Conclusión.— VIII. Bibliografía.
505 ## - FORMATTED CONTENTS NOTE
Title Si te interesa el texto completo, solicitalo a koha@justierradelfuego.gov.ar
650 #0 - SUBJECT ADDED ENTRY--TOPICAL TERM
9 (RLIN) 6327
Topical term or geographic name as entry element DERECHO DE PROPIEDAD
650 #0 - SUBJECT ADDED ENTRY--TOPICAL TERM
9 (RLIN) 343
Topical term or geographic name as entry element DERECHO PENAL
650 #0 - SUBJECT ADDED ENTRY--TOPICAL TERM
9 (RLIN) 2608
Topical term or geographic name as entry element DERECHOS DEL CONSUMIDOR
650 #0 - SUBJECT ADDED ENTRY--TOPICAL TERM
9 (RLIN) 2758
Topical term or geographic name as entry element ASOCIACIÓN ILÍCITA
650 #0 - SUBJECT ADDED ENTRY--TOPICAL TERM
9 (RLIN) 3956
Topical term or geographic name as entry element MARCAS
650 #0 - SUBJECT ADDED ENTRY--TOPICAL TERM
9 (RLIN) 5945
Topical term or geographic name as entry element FALSIFICACIÓN DE SELLOS, TIMBRES Y MARCAS
773 0# - HOST ITEM ENTRY
Host Biblionumber 2658
Host Itemnumber 3164
Title Revista de derecho penal y criminología. Nº 11 - Diciembre 2025
Place, publisher, and date of publication Ciudad Autónoma de Buenos Aires : Thomson Reuters La Ley, 2017-
International Standard Serial Number 00347914
942 ## - ADDED ENTRY ELEMENTS (KOHA)
Source of classification or shelving scheme
Koha item type Analítica Artículo de Revista

No hay ítems disponibles.

12 de Octubre 789 Ushuaia - Tel:  54(02901)441571
Horario de Atención: 8.00 a 17.00 hs. 
bibliotecaush@justierradelfuego.gov.ar
koha@justierradelfuego.gov.ar
Seguinos en nuestras redes @bibliojustdf 

Con tecnología Koha